[Event "16th Deltalift Open 2019"]
[Site "Halmstad"]
[Date "2019.05.30"]
[Round "4.22"]
[White "Petersson, Baldur Teodor"]
[Black "Trost, Edvin"]
[Result "0-1"]
[WhiteElo "2163"]
[BlackElo "2047"]
[Annotator "ChessBase"]
[PlyCount "98"]
[EventDate "2019.05.30"]
[EventType "swiss"]
[EventCountry "SWE"]
[SourceTitle "playchess.com"]
[Source "ChessBase"]
[SourceQuality "1"]
[TimeControl "1800+12"]

1. e4 {[%emt 0:00:00]} c5 {[%emt 0:00:00]} 2. Nc3 {[%emt 0:00:25]} Nc6 {[%emt 0:00:00]} 3. g3 {[%emt 0:00:10]} e6 {[%emt 0:00:20]} 4. Bg2 {[%emt 0:00:05]} Nf6 {[%emt 0:00:02]} 5. f4 {[%emt 0:00:12]} d5 {[%emt 0:01:24]} 6. e5 {[%emt 0:00:05]} Nd7 {[%emt 0:00:34]} 7. Nf3 {[%emt 0:00:13]} Rb8 {[%emt 0:00:31]} 8. O-O {[%emt 0:00:59]} b5 {[%emt 0:00:11]} 9. a3 {[%emt 0:00:07]} g6 {[%emt 0:01:42]} 10. Ne2 {[%emt 0:01:27]} Qb6 {[%emt 0:01:23]} 11. d4 {[%emt 0:01:30]} cxd4 {[%emt 0:01:19]} 12. Nexd4 {[%emt 0:00:12]} Nxd4 {[%emt 0:02:55]} 13. Nxd4 {[%emt 0:00:06]} a5 {[%emt 0:01:30]} 14. Be3 {[%emt 0:00:41]} Ba6 {[%emt 0:00:53]} 15. Rf2 {[%emt 0:05:53]} Qc7 {[%emt 0:00:11]} 16. Bf1 {[%emt 0:01:06]} Qb7 {[%emt 0:03:21]} 17. c3 {[%emt 0:02:51]} Be7 {[%emt 0:03:05]} 18. b4 {[%emt 0:02:06]} a4 {[%emt 0:00:07]} 19. Rc1 {[%emt 0:01:24]} h5 {[%emt 0:04:39]} 20. h4 {[%emt 0:00:33]} Qc7 {[%emt 0:06:14]} 21. Bd3 {[%emt 0:00:21]} Nf8 {[%emt 0:00:40]} 22. Qe2 {[%emt 0:00:29]} Qb7 {[%emt 0:00:26]} 23. Rh2 {[%emt 0:01:22]} Kd7 {[%emt 0:02:14]} 24. Kf2 {[%emt 0:01:17]} Kc7 {[%emt 0:00:16]} 25. Ke1 {[%emt 0:00:24]} Kc8 {[%emt 0:00:38]} 26. Kd2 {[%emt 0:00:13]} Bd8 {[%emt 0:00:10]} 27. Kc2 {[%emt 0:00:38]} Qd7 {[%emt 0:00:11]} 28. Bg1 {[%emt 0:00:27]} Rb7 {[%emt 0:00:20]} 29. Kb2 {[%emt 0:00:12]} Kb8 {[%emt 0:00:01]} 30. Ka2 {[%emt 0:01:03]} Bb6 {[%emt 0:00:28]} 31. Bxb5 {[%emt 0:00:47]} Bxb5 {[%emt 0:00:05]} 32. Nxb5 {[%emt 0:00:56]} Bxg1 {[%emt 0:00:02]} 33. Nd6 {[%emt 0:00:05]} Bxh2 34. Nxb7 {[%emt 0:00:03]} Qxb7 {[%emt 0:00:32]} 35. Qxh2 {[%emt 0:00:01]} Nd7 {[%emt 0:00:10]} 36. c4 {[%emt 0:02:10]} dxc4 {[%emt 0:00:02]} 37. Qc2 {[%emt 0:00:00]} Nb6 {[%emt 0:00:28]} 38. Rd1 {[%emt 0:00:10]} Nd5 {[%emt 0:00:15]} 39. Rd4 {[%emt 0:00:20]} Nb6 {[%emt 0:00:14]} 40. Qd2 {[%emt 0:00:14]} Rc8 {[%emt 0:00:03]} 41. Rd8 {[%emt 0:01:26]} Nd5 {[%emt 0:00:22]} 42. Rxc8+ {[%emt 0:00:38]} Qxc8 {[%emt 0:00:04]} 43. Qc2 {[%emt 0:00:13]} Qc6 {[%emt 0:00:04]} 44. Ka1 {[%emt 0:00:28]} Kb7 {[%emt 0:00:02]} 45. Kb1 {[%emt 0:00:56]} Nb6 {[%emt 0:00:05]} 46. Qd1 {[%emt 0:00:32]} Qd5 {[%emt 0:00:08]} 47. Qe2 {[%emt 0:00:11]} Qd3+ {[%emt 0:00:17]} 48. Qxd3 {[%emt 0:00:01]} cxd3 49. Kc1 Nc4 {[%emt 0:00:02]} 0-1

[Event "16th Deltalift Open 2019"]
[Site "Halmstad"]
[Date "2019.05.30"]
[Round "4.23"]
[White "Nilsson, Eskil"]
[Black "Blomstrom, Lars"]
[Result "1/2-1/2"]
[WhiteElo "1991"]
[BlackElo "2153"]
[Annotator "ChessBase"]
[PlyCount "84"]
[EventDate "2019.05.30"]
[EventType "swiss"]
[EventCountry "SWE"]
[SourceTitle "playchess.com"]
[Source "ChessBase"]
[SourceQuality "1"]
[TimeControl "1800+12"]

1. e4 {[%emt 0:00:00]} c5 {[%emt 0:00:23]} 2. Nf3 {[%emt 0:00:02]} Nc6 {[%emt 0:00:02]} 3. Bb5 {[%emt 0:00:09]} g6 {[%emt 0:00:05]} 4. O-O {[%emt 0:00:11]} Bg7 {[%emt 0:00:04]} 5. Re1 {[%emt 0:00:33]} e5 {[%emt 0:01:39]} 6. Bxc6 {[%emt 0:00:13]} dxc6 {[%emt 0:00:03]} 7. d3 {[%emt 0:00:19]} Qc7 {[%emt 0:00:47]} 8. a3 {[%emt 0:00:49]} Nf6 {[%emt 0:00:26]} 9. b4 {[%emt 0:00:26]} Nd7 {[%emt 0:00:57]} 10. bxc5 {[%emt 0:00:42]} Nxc5 {[%emt 0:00:31]} 11. a4 {[%emt 0:01:33]} O-O {[%emt 0:02:26]} 12. Ba3 {[%emt 0:01:14]} b6 {[%emt 0:00:33]} 13. Nbd2 {[%emt 0:01:22]} h6 {[%emt 0:06:39]} 14. Nc4 {[%emt 0:05:35]} Be6 {[%emt 0:00:21]} 15. Bxc5 {[%emt 0:02:39]} bxc5 {[%emt 0:00:11]} 16. Qe2 {[%emt 0:03:59]} Rab8 {[%emt 0:04:22]} 17. Nfd2 {[%emt 0:01:00]} Rb4 {[%emt 0:05:00]} 18. c3 {[%emt 0:04:41]} Rbb8 {[%emt 0:01:05]} 19. Qe3 {[%emt 0:00:28]} Rfd8 {[%emt 0:00:22]} 20. Rab1 {[%emt 0:01:19]} Bf8 {[%emt 0:00:55]} 21. Nb3 {[%emt 0:03:10]} Bxc4 {[%emt 0:05:52]} 22. dxc4 {[%emt 0:00:02]} Qd6 {[%emt 0:00:06]} 23. Kf1 {[%emt 0:00:05]} Qd3+ {[%emt 0:00:07]} 24. Qxd3 {[%emt 0:00:11]} Rxd3 {[%emt 0:00:03]} 25. Rec1 {[%emt 0:00:10]} h5 {[%emt 0:00:40]} 26. Ke2 {[%emt 0:00:06]} Rd7 {[%emt 0:00:10]} 27. Na5 {[%emt 0:00:20]} Rbd8 {[%emt 0:00:15]} 28. Rd1 {[%emt 0:00:07]} Bh6 {[%emt 0:00:08]} 29. Rxd7 {[%emt 0:00:18]} Rxd7 {[%emt 0:00:00]} 30. Rd1 {[%emt 0:00:09]} Rc7 {[%emt 0:00:50]} 31. Rb1 {[%emt 0:01:24]} Bf8 {[%emt 0:00:06]} 32. Rb7 {[%emt 0:00:17]} Rxb7 {[%emt 0:00:20]} 33. Nxb7 {[%emt 0:00:03]} f6 {[%emt 0:00:26]} 34. Nd8 {[%emt 0:00:49]} a6 {[%emt 0:00:24]} 35. Nxc6 {[%emt 0:00:11]} Kf7 {[%emt 0:00:13]} 36. Na5 {[%emt 0:01:30]} Ke6 {[%emt 0:00:05]} 37. Kd3 {[%emt 0:00:21]} Bd6 {[%emt 0:00:06]} 38. Nb3 {[%emt 0:00:22]} f5 {[%emt 0:00:12]} 39. f3 {[%emt 0:00:09]} f4 {[%emt 0:00:27]} 40. g3 {[%emt 0:00:21]} g5 {[%emt 0:00:06]} 41. gxf4 {[%emt 0:00:25]} exf4 {[%emt 0:00:09]} 42. h3 {[%emt 0:00:07]} Be7 1/2-1/2

[Event "16th Deltalift Open 2019"]
[Site "Halmstad"]
[Date "2019.05.30"]
[Round "4.24"]
[White "Rasti, Arvin"]
[Black "Ytterberg, Felix"]
[Result "0-1"]
[WhiteElo "2151"]
[BlackElo "2018"]
[Annotator "ChessBase"]
[PlyCount "88"]
[EventDate "2019.05.30"]
[EventType "swiss"]
[EventCountry "SWE"]
[SourceTitle "playchess.com"]
[Source "ChessBase"]
[SourceQuality "1"]
[TimeControl "1800+12"]

1. d4 {[%emt 0:00:00]} Nf6 {[%emt 0:00:00]} 2. c4 {[%emt 0:00:00]} e6 {[%emt 0:00:00]} 3. Nc3 {[%emt 0:00:03]} Bb4 {[%emt 0:00:00]} 4. e3 {[%emt 0:00:02]} O-O {[%emt 0:00:02]} 5. Bd3 {[%emt 0:00:02]} d5 {[%emt 0:00:03]} 6. Nf3 {[%emt 0:00:02]} c5 {[%emt 0:00:08]} 7. O-O {[%emt 0:00:03]} cxd4 {[%emt 0:00:02]} 8. exd4 {[%emt 0:00:04]} dxc4 {[%emt 0:00:03]} 9. Bxc4 {[%emt 0:00:00]} b6 {[%emt 0:00:04]} 10. Bg5 {[%emt 0:00:48]} Bb7 {[%emt 0:00:04]} 11. a3 {[%emt 0:00:28]} Be7 {[%emt 0:00:02]} 12. Bb3 {[%emt 0:01:33]} h6 {[%emt 0:00:31]} 13. Bh4 {[%emt 0:00:25]} Ne4 {[%emt 0:00:36]} 14. Bxe7 {[%emt 0:00:24]} Qxe7 {[%emt 0:00:02]} 15. Re1 {[%emt 0:00:46]} Nxc3 {[%emt 0:00:47]} 16. bxc3 {[%emt 0:00:01]} Qc7 {[%emt 0:00:13]} 17. Qd3 {[%emt 0:01:24]} Ba6 {[%emt 0:00:36]} 18. Qe4 {[%emt 0:02:10]} Bb7 {[%emt 0:02:32]} 19. Qd3 {[%emt 0:00:19]} Ba6 {[%emt 0:00:04]} 20. c4 {[%emt 0:01:47]} Nd7 {[%emt 0:00:08]} 21. Bc2 {[%emt 0:01:37]} Nf6 {[%emt 0:00:03]} 22. Ne5 {[%emt 0:00:03]} Rfc8 {[%emt 0:01:30]} 23. Rac1 {[%emt 0:00:50]} Rd8 {[%emt 0:02:05]} 24. Re3 {[%emt 0:01:59]} Rac8 {[%emt 0:01:16]} 25. Rf3 {[%emt 0:03:08]} Kf8 {[%emt 0:01:05]} 26. Bb1 {[%emt 0:02:53]} Bb7 {[%emt 0:00:56]} 27. Re3 {[%emt 0:00:42]} Nd7 {[%emt 0:02:41]} 28. Nxf7 {[%emt 0:07:07]} Kxf7 {[%emt 0:00:02]} 29. d5 {[%emt 0:00:44]} Bxd5 {[%emt 0:00:29]} 30. Qg6+ {[%emt 0:01:23]} Kf8 {[%emt 0:00:01]} 31. Rce1 {[%emt 0:02:01]} Qxc4 {[%emt 0:01:44]} 32. Rg3 {[%emt 0:00:48]} Qd4 {[%emt 0:00:01]} 33. Qh7 {[%emt 0:00:58]} Nc5 {[%emt 0:00:59]} 34. Qh8+ {[%emt 0:01:06]} Kf7 {[%emt 0:00:06]} 35. Qh7 {[%emt 0:00:16]} Be4 {[%emt 0:02:11]} 36. Bxe4 {[%emt 0:00:53]} Nxe4 {[%emt 0:00:02]} 37. Rf3+ {[%emt 0:00:16]} Nf6 {[%emt 0:00:04]} 38. Qb1 {[%emt 0:00:07]} Qd5 {[%emt 0:00:30]} 39. Qb2 {[%emt 0:00:16]} Rc4 {[%emt 0:00:47]} 40. h3 {[%emt 0:00:14]} Rd4 {[%emt 0:00:08]} 41. Rfe3 {[%emt 0:00:11]} Rd1 {[%emt 0:00:10]} 42. Rxd1 {[%emt 0:00:03]} Qxd1+ {[%emt 0:00:01]} 43. Kh2 {[%emt 0:00:01]} Qd6+ {[%emt 0:00:02]} 44. g3 {[%emt 0:00:06]} Qd5 0-1

[Event "16th Deltalift Open 2019"]
[Site "Halmstad"]
[Date "2019.05.31"]
[Round "5.1"]
[White "Cramling, Pia"]
[Black "Pantzar, Milton"]
[Result "1-0"]
[WhiteElo "2454"]
[BlackElo "2390"]
[Annotator "TA"]
[PlyCount "51"]
[EventDate "2019.05.30"]
[EventType "swiss"]
[EventCountry "SWE"]
[SourceTitle "playchess.com"]
[Source "ChessBase"]
[SourceQuality "1"]

{[%evp 14,51,29,12,22,22,29,34,41,12,14,32,12,23,37,16,24,0,50,53,62,14,25,22,23,18,28,22,23,14,22,12,9,17,446,457,534,531,889,864]} 1. c4 c6 2. Nf3 d5 3. e3 Nf6 4. Nc3 g6 5. d4 Bg7 6. Be2 O-O 7. O-O Ne4 8. Qb3 {[%cal Rc4d5]} b6 {D94: Grünfeld: 4 Nf3 Bg7 5 e3} (8... dxc4 9. Bxc4 Nd6 10. Be2 Nd7 11. e4 c5 12. Rd1 cxd4 13. Nxd4 Nc5 14. Qc2 Bd7 15. Be3 Rc8 16. Qb1 Qe8 17. Nb3 Nxb3 18. axb3 a6 19. Ra5 Bc6 20. f3 Nb5 21. Nxb5 axb5 22. b4 Rd8 23. Ra3 {½-½ (23) Bacrot,E (2701)-Paehtz,E (2474) Karlsruhe 2016}) 9. Rd1 {[%cal Rc4d5]} Nxc3 $146 ({Predecessor:} 9... Kh8 10. cxd5 Nxc3 11. bxc3 cxd5 12. c4 Ba6 13. Bf1 dxc4 14. Bxc4 Bxc4 15. Qxc4 Qc8 16. Qb3 {1-0 (38) Gagunashvili,M (2588)-Garma,C (2332) Subic Bay 2016}) 10. bxc3 Ba6 {White is slightly better.} 11. Bf1 Bxc4 12. Bxc4 dxc4 13. Qxc4 Qc7 14. a4 Nd7 15. e4 Rac8 16. e5 e6 17. Ng5 c5 18. Ba3 Rfd8 19. Ne4 cxd4 20. Qxc7 Rxc7 21. cxd4 {[%cal Bc3d4,Bd4d5,Bd5e6][%mdl 32]} Rc2 22. Nd6 f6 23. f4 g5 $2 {[%mdl 8192] [#]} (23... Bf8 $11 {and Black is okay.}) 24. f5 $18 {White is clearly winning.} Nf8 25. d5 fxe5 26. dxe6 {Accuracy: White = 49%, Black = 46%.} 1-0

[Event "16th Deltalift Open 2019"]
[Site "Halmstad"]
[Date "2019.05.31"]
[Round "5.2"]
[White "Brynell, Stellan"]
[Black "Seo, Jung Min"]
[Result "1/2-1/2"]
[WhiteElo "2406"]
[BlackElo "2377"]
[Annotator "RC"]
[PlyCount "72"]
[EventDate "2019.05.30"]
[EventType "swiss"]
[EventCountry "SWE"]
[SourceTitle "playchess.com"]
[Source "ChessBase"]
[SourceQuality "1"]
[TimeControl "40/5400+30:1800+30"]

1. d4 {[%emt 0:00:00]} f5 {[%emt 0:00:00]} 2. g3 {[%emt 0:00:06]} Nf6 {[%emt 0:00:00]} 3. Bg2 {[%emt 0:00:03]} g6 {[%emt 0:00:00]} 4. Nf3 {[%emt 0:00:30]} Bg7 {[%emt 0:00:02]} 5. O-O {[%emt 0:00:07]} O-O {[%emt 0:00:06]} 6. Nbd2 {[%emt 0:00:32]} d6 {[%emt 0:03:06]} 7. Re1 {[%emt 0:00:09]} Nc6 {[%emt 0:02:26]} 8. e4 {[%emt 0:00:43]} fxe4 {[%emt 0:06:50]} 9. Nxe4 {[%emt 0:00:08]} Nxe4 {[%emt 0:00:41]} 10. Rxe4 {[%emt 0:00:05]} d5 {[%emt 0:05:37]} 11. Rh4 {[%emt 0:08:13]} Bf6 {[%emt 0:05:36]} 12. Ng5 {[%emt 0:44:55]} Re8 {[%emt 0:20:00]} 13. Rh6 {[%emt 0:05:12]} Bxg5 {[%emt 0:27:16]} 14. Bxg5 {[%emt 0:00:07]} Be6 {[%emt 0:01:14]} 15. Qd2 {[%emt 0:01:53]} Qd7 {[%emt 0:00:48]} 16. Re1 {[%emt 0:01:45]} Nd8 {[%emt 0:01:05]} 17. Bf4 {[%emt 0:06:21]} Nf7 {[%emt 0:01:07]} 18. Bxc7 {[%emt 0:05:14]} Nxh6 {[%emt 0:02:34]} 19. Qxh6 {[%emt 0:00:12]} Qxc7 {[%emt 0:06:06]} 20. Rxe6 {[%emt 0:00:07]} Rad8 {[%emt 0:06:52]} 21. Qg5 {[%emt 0:11:20]} Rd6 {[%emt 0:03:18]} 22. Qe5 {[%emt 0:00:20]} Rd7 {[%emt 0:03:39]} 23. Bxd5 {[%emt 0:02:45]} Qxe5 24. Rxe5+ {[%emt 0:00:10]} Kg7 {[%emt 0:00:05]} 25. c3 {[%emt 0:00:18]} Rc7 {[%emt 0:00:37]} 26. Bb3 {[%emt 0:04:04]} Rf8 {[%emt 0:00:20]} 27. f4 {[%emt 0:00:27]} Rf5 {[%emt 0:00:41]} 28. Kf2 {[%emt 0:01:34]} Rxe5 {[%emt 0:01:30]} 29. fxe5 {[%emt 0:00:01]} Rc8 {[%emt 0:00:07]} 30. Ke3 {[%emt 0:00:15]} Rf8 {[%emt 0:00:05]} 31. Bc4 {[%emt 0:02:07]} g5 {[%emt 0:00:51]} 32. h3 {[%emt 0:02:34]} h5 {[%emt 0:00:37]} 33. Be2 {[%emt 0:01:11]} Kg6 {[%emt 0:00:08]} 34. Bd3+ {[%emt 0:01:14]} Kg7 {[%emt 0:00:01]} 35. Be2 {[%emt 0:00:51]} Kg6 {[%emt 0:00:22]} 36. Bd3+ {[%emt 0:00:26]} Kg7 {[%emt 0:00:04]} 1/2-1/2

[Event "16th Deltalift Open 2019"]
[Site "Halmstad"]
[Date "2019.05.31"]
[Round "5.3"]
[White "Malmstig, Erik"]
[Black "Jepson, Christian"]
[Result "1-0"]
[WhiteElo "2352"]
[BlackElo "2395"]
[Annotator "RC"]
[PlyCount "53"]
[EventDate "2019.05.30"]
[EventType "swiss"]
[EventCountry "SWE"]
[SourceTitle "playchess.com"]
[Source "ChessBase"]
[SourceQuality "1"]
[TimeControl "40/5400+30:1800+30"]

1. e4 {[%emt 0:00:00]} d6 {[%emt 0:00:24]} 2. d4 {[%emt 0:00:00]} Nf6 {[%emt 0:00:05]} 3. Nc3 {[%emt 0:00:00]} g6 {[%emt 0:00:04]} 4. h4 {[%emt 0:00:10]} Bg7 {[%emt 0:00:43]} 5. Be2 {[%emt 0:00:09]} c5 {[%emt 0:00:39]} 6. d5 {[%emt 0:00:26]} h5 {[%emt 0:04:42]} 7. Nh3 {[%emt 0:00:23]} Na6 {[%emt 0:08:20]} 8. Ng5 {[%emt 0:01:42]} Nc7 {[%emt 0:00:16]} 9. Bf4 {[%emt 0:05:02]} Ng4 {[%emt 0:03:06]} 10. Qd2 {[%emt 0:01:01]} a6 {[%emt 0:04:13]} 11. a4 {[%emt 0:01:00]} Bd7 {[%emt 0:03:18]} 12. a5 {[%emt 0:02:45]} Rb8 {[%emt 0:01:38]} 13. Na4 {[%emt 0:01:56]} Bb5 {[%emt 0:24:36]} 14. O-O {[%emt 0:11:31]} Na8 {[%emt 0:05:15]} 15. c4 {[%emt 0:14:48]} Bd7 {[%emt 0:00:06]} 16. Bg3 {[%emt 0:12:37]} Qc8 {[%emt 0:09:57]} 17. Bxg4 {[%emt 0:09:19]} hxg4 {[%emt 0:03:20]} 18. e5 {[%emt 0:02:18]} dxe5 {[%emt 0:06:02]} 19. d6 {[%emt 0:08:46]} Bxa4 {[%emt 0:03:37]} 20. Rfe1 {[%emt 0:11:31]} O-O {[%emt 0:16:15]} 21. dxe7 {[%emt 0:03:27]} Re8 {[%emt 0:00:02]} 22. Bxe5 {[%emt 0:01:58]} Bxe5 {[%emt 0:01:33]} 23. Rxe5 {[%emt 0:00:06]} Qc7 {[%emt 0:00:58]} 24. Rae1 {[%emt 0:01:31]} Bc6 {[%emt 0:00:51]} 25. h5 {[%emt 0:03:18]} Kg7 {[%emt 0:01:48]} 26. hxg6 {[%emt 0:00:49]} Rh8 {[%emt 0:00:25]} 27. gxf7 {[%emt 0:00:50]} 1-0

[Event "16th Deltalift Open 2019"]
[Site "Halmstad"]
[Date "2019.05.31"]
[Round "5.4"]
[White "Jobava, Baadur"]
[Black "Kucuksari, Kaan"]
[Result "1-0"]
[WhiteElo "2618"]
[BlackElo "2320"]
[Annotator "TA"]
[PlyCount "31"]
[EventDate "2019.05.30"]
[EventType "swiss"]
[EventCountry "SWE"]
[SourceTitle "playchess.com"]
[Source "ChessBase"]
[SourceQuality "1"]

{[%evp 14,121,14,10,9,0,6,7,28,4,46,0,6,-1,0,0,-8,-21,40,10,101,101,108,110,107,107,107,96,108,111,111,101,152,107,107,97,97,97,97,97,97,97,105,102,101,101,98,102,102,97,97,97,89,97,101,101,106,97,112,97,97,97,97,82,86,67,68,68,119,95,97,100,109,102,108,104,118,38,38,39,110,110,110,110,110,95,95,95,103,95,95,95,1166,1159,770,1536,1541,507,29961,29960,29936,12847,29969,29968,29977,29978,29978,29980,29981,29981]} 1. d4 Nf6 2. c4 e6 3. Nf3 b6 4. a3 Bb7 5. Nc3 d5 6. cxd5 Nxd5 7. Bd2 Be7 8. Qc2 O-O {E12: Queen's Indian: Unusual White 4th moves, 4 a3, 4 Nc3 Bb7 5 a3 and 4 Nc3 Bb7} 9. Rd1 f5 10. e3 Nd7 {The position is equal.} 11. Nxd5 exd5 $146 ({Predecessor:} 11... Bxd5 12. Bc4 c6 13. O-O Rc8 14. Rc1 Bd6 15. Bxd5 exd5 16. Qb3 {1-0 (45) Jobava,B (2651)-Zhang,Z (2639) Taiyuan 2006}) 12. Bd3 g6 13. O-O c5 14. dxc5 bxc5 15. Bc3 Qb6 (15... Qc7 $11) 16. e4 {Played: Bd3-c4} 1-0

[Event "16th Deltalift Open 2019"]
[Site "Halmstad"]
[Date "2019.05.31"]
[Round "5.5"]
[White "Ziegler, Ari"]
[Black "Hector, Jonny"]
[Result "0-1"]
[WhiteElo "2300"]
[BlackElo "2488"]
[Annotator "TA"]
[PlyCount "120"]
[EventDate "2019.05.30"]
[EventType "swiss"]
[EventCountry "SWE"]
[SourceTitle "playchess.com"]
[Source "ChessBase"]
[SourceQuality "1"]

{[%evp 9,120,-6,0,-9,19,0,0,0,13,14,13,16,27,27,42,37,59,57,71,24,39,42,44,45,85,46,76,22,63,57,48,57,47,0,59,0,37,0,17,17,17,0,0,-23,2,0,0,0,28,23,59,58,71,38,72,59,73,52,78,23,72,21,37,39,89,74,150,89,87,34,85,62,77,50,73,37,134,29,93,0,0,0,0,0,0,0,0,-119,0,0,70,0,0,-143,18,-397,-366,-325,-224,-222,-215,-195,0,-220,-223,-264,-257,-291,-264,-4898,-2762,-29994,-29995]} 1. c4 e5 2. Nc3 Bb4 3. Nd5 Be7 4. e4 (4. d4 exd4 5. Qxd4 Nf6 6. Nxe7 Qxe7 7. Bg5 Nc6 8. Qc3 Ne5 9. g3 d6 10. Bg2 h6 11. Bxf6 Qxf6 12. Nh3 Bxh3 13. Bxh3 {1-0 (65) Dubov,D (2703)-Erdos,V (2612) Skopje 2019}) 4... Nf6 5. Nf3 d6 6. d4 {A21: English Opening: 1...e5 2 Nc3} (6. Nc3 {is more complex.} c5 7. Be2 O-O 8. a3 Nc6 9. O-O) 6... O-O $146 (6... Nxe4 {keeps more tension.} 7. Bd3 Nf6 8. O-O Nc6 9. Nxe7 Qxe7 10. h3 exd4 11. Bc2 O-O) ({Predecessor:} 6... Nxe4 7. Bd3 Nf6 8. O-O Nxd5 9. cxd5 exd4 10. Nxd4 Nd7 11. Nf5 Bf6 12. Re1+ Kf8 13. Ng3 h5 {1-0 (69) Dimitrov,M (2421)-Garau,B (2342) ICCF email 2015}) 7. Nxf6+ (7. Nxe7+ Qxe7 8. dxe5 dxe5 $15) (7. Nc3 {seems wilder.} Bg4 8. d5 a5 9. Bd3 Na6 10. Be3) 7... Bxf6 8. d5 {The position is equal.} c6 9. Be2 Na6 10. Be3 Be7 11. O-O cxd5 12. cxd5 f5 13. exf5 Bxf5 14. Qd2 Nc7 15. Rac1 Kh8 16. Rfd1 Bf6 17. Qb4 b6 18. g4 (18. h3 $16) 18... e4 19. gxf5 exf3 20. Bxf3 Na6 21. Qg4 Nc5 (21... Bxb2 $11 22. Rc6 Be5) 22. Qh3 (22. b4 $14 Nd7 23. Qg2) 22... Bg5 (22... Bxb2 {with more complications.} 23. Rc2 Bf6 24. Bh5 Bg5 25. Bg6 h6) 23. Kh1 Bxe3 24. fxe3 a5 25. Rc4 {Strongly threatening Rh4!} Qf6 26. Rf4 Rae8 (26... Qxb2 $2 27. Rh4 $1 $18 {[%mdl 512]}) 27. e4 Re7 ({Not} 27... Qxb2 $2 28. Rh4 $1 $18 {[%mdl 512]}) 28. Rd2 (28. Qg2 {feels hotter.} Rfe8 29. a3 Nd7 30. Qd2 Qh6 31. Qe3) 28... g5 29. Rg4 Nd7 30. Rg1 Ne5 31. Bh5 Rg7 32. Rdg2 Qh6 33. Rg3 Rfg8 {Hoping for ...g4.} 34. Be2 (34. Bd1 $16 Qxh3 35. Rxh3) 34... Qf6 35. Qh5 (35. Rb3 $16) 35... Nf7 36. b3 Qe5 37. Qf3 $36 {[%mdl 2048] White is on the roll.} Qf6 (37... g4 $142 38. Qe3 (38. Rxg4 Ng5 $14) 38... h5) 38. Qc3 (38. Qe3 $142) 38... Ne5 $16 39. Qd4 (39. R1g2 $16) 39... Rc7 (39... Nd7 $14 40. Qe3 Qe5) 40. Qxb6 Rc2 41. Qe3 {a4 is the strong threat.} Rxa2 42. Bh5 h6 {[#]} (42... Qh6 $14 43. Rh3 (43. Rxg5 Rxg5 44. Rxg5 Rxh2+ {[%mdl 64] Decoy} 45. Kxh2 Ng4+ 46. Rxg4 Qxe3 $17) 43... Qf6) 43. Rh3 (43. h4 $1 $16) 43... Rd8 (43... Rg7 $11 44. Qc1 Kh7) 44. Qa7 (44. Qc3 $16) 44... Rd7 $11 45. Qb8+ Kg7 46. Qb5 Rc7 47. Qb6 Re7 48. Qd8 {[#]} (48. Bd1 $11 {keeps the balance.}) 48... Rd7 ({Better is} 48... Nf7 $1 $17 {[%cal Rf7d8]} 49. Qc8 Rxe4) 49. Qc8 (49. Qb8 $11) 49... Qd8 $14 50. Qc3 ({White should play} 50. Qc1 $1 $14) 50... Rc7 $11 51. f6+ (51. Qe3 $11) 51... Kh8 $2 (51... Kh7 $17 52. Qg3 Qxf6) 52. Qd4 $2 {[%mdl 8192]} (52. Bg4 $11 Nxg4 53. Rxg4 Rxc3 54. Rxh6+ Kg8 55. Rxg5+ Kf8 56. Rh8+ Kf7 57. Rxd8 Kxf6 58. Rf5+ Ke7 59. Rdf8 Rc1+ 60. Rf1) 52... Qxf6 $19 53. Bd1 Kg7 54. Qe3 Rf7 55. Bh5 Rc7 56. Bd1 $1 Ng6 57. Qb6 Re7 {White must now prevent ...Nf4.} 58. Bf3 Qe5 59. Qd8 $2 (59. Rf1) 59... Rf7 60. Bh5 Qxe4+ 0-1

[Event "16th Deltalift Open 2019"]
[Site "Halmstad"]
[Date "2019.05.31"]
[Round "5.6"]
[White "Hansen, Lars Bo"]
[Black "Sjodahl, Pontus"]
[Result "0-1"]
[WhiteElo "2560"]
[BlackElo "2435"]
[Annotator "RC"]
[PlyCount "60"]
[EventDate "2019.05.30"]
[EventType "swiss"]
[EventCountry "SWE"]
[SourceTitle "playchess.com"]
[Source "ChessBase"]
[SourceQuality "1"]
[TimeControl "40/5400+30:1800+30"]

1. d4 {[%emt 0:02:40]} Nf6 {[%emt 0:00:00]} 2. Bg5 {[%emt 0:00:20]} d5 {[%emt 0:00:57]} 3. Bxf6 {[%emt 0:01:02]} gxf6 {[%emt 0:00:17]} 4. Nc3 {[%emt 0:02:10]} c5 {[%emt 0:02:04]} 5. e3 {[%emt 0:00:06]} Nc6 {[%emt 0:02:31]} 6. Qh5 {[%emt 0:00:32]} cxd4 {[%emt 0:04:29]} 7. exd4 {[%emt 0:00:08]} e6 {[%emt 0:00:25]} 8. Nf3 {[%emt 0:00:19]} Bb4 {[%emt 0:09:26]} 9. Bd3 {[%emt 0:01:19]} Qa5 {[%emt 0:08:08]} 10. O-O {[%emt 0:01:54]} Bxc3 {[%emt 0:07:02]} 11. bxc3 {[%emt 0:00:06]} Qxc3 {[%emt 0:00:08]} 12. Qh4 {[%emt 0:06:36]} Ke7 {[%emt 0:03:16]} 13. Rab1 {[%emt 0:03:09]} Qa3 {[%emt 0:09:55]} 14. Ne5 {[%emt 0:39:13]} Qd6 {[%emt 0:02:09]} 15. f4 {[%emt 0:04:56]} h5 {[%emt 0:07:32]} 16. c3 {[%emt 0:18:49]} Qd8 {[%emt 0:16:10]} 17. f5 {[%emt 0:02:08]} Kf8 {[%emt 0:06:57]} 18. fxe6 {[%emt 0:04:16]} fxe5 {[%emt 0:03:48]} 19. Rxf7+ {[%emt 0:00:12]} Ke8 {[%emt 0:00:11]} 20. Rf8+ {[%emt 0:07:01]} Rxf8 {[%emt 0:00:05]} 21. Bg6+ {[%emt 0:00:12]} Rf7 {[%emt 0:00:08]} 22. Bxf7+ {[%emt 0:01:31]} Kf8 {[%emt 0:00:06]} 23. Qxh5 {[%emt 0:00:53]} exd4 {[%emt 0:02:28]} 24. Re1 {[%emt 0:00:47]} Qf6 {[%emt 0:02:10]} 25. Rf1 {[%emt 0:00:51]} Qe5 {[%emt 0:00:09]} 26. Be8+ {[%emt 0:01:07]} Ke7 {[%emt 0:00:08]} 27. Qh7+ {[%emt 0:00:37]} Kd6 {[%emt 0:00:15]} 28. Bxc6 {[%emt 0:00:27]} bxc6 {[%emt 0:00:37]} 29. e7 {[%emt 0:00:32]} Ba6 {[%emt 0:02:11]} 30. Qg6+ {[%emt 0:00:23]} Kc5 {[%emt 0:00:24]} 0-1